The problem of national education in India. (Record no. 86810)

MARC details
000 -LEADER
fixed length control field 00750nam a2200241 4500
001 - CONTROL NUMBER
control field sa 68015935
003 - CONTROL NUMBER IDENTIFIER
control field DLC
005 - DATE AND TIME OF LATEST TRANSACTION
control field 20260227112650.0
008 - FIXED-LENGTH DATA ELEMENTS--GENERAL INFORMATION
fixed length control field 700706r1966 ii c b 00000 eng
010 ## - LIBRARY OF CONGRESS CONTROL NUMBER
LC control number sa 68015935
025 ## - OVERSEAS ACQUISITION NUMBER
Overseas acquisition number PL480:I-E-10537
050 0# - LIBRARY OF CONGRESS CALL NUMBER
Classification number LA1151
Item number .L3 1966
082 ## - DEWEY DECIMAL CLASSIFICATION NUMBER
Classification number 370/.954
100 00 - MAIN ENTRY--PERSONAL NAME
Personal name Lajpat Rai,
Titles and words associated with a name Lala,
Dates associated with a name 1865-1928.
245 1# - TITLE STATEMENT
Title The problem of national education in India.
Statement of responsibility, etc. Foreword by Zakir Husain.
250 ## - EDITION STATEMENT
Edition statement [1st Indian ed.
260 0# - PUBLICATION, DISTRIBUTION, ETC.
Place of publication, distribution, etc. Delhi]
Name of publisher, distributor, etc. Publications Division, Ministry of Information and Broadcasting, Govt. of India
Date of publication, distribution, etc. [1966]
300 ## - PHYSICAL DESCRIPTION
Extent iv, 122 p.
Other physical details port.
Dimensions 25 cm.
350 ## - PRICE (NR) (BK AM CF MU VM SE) [OBSOLETE]
Price 6.00
504 ## - BIBLIOGRAPHY, ETC. NOTE
Bibliography, etc. note Bibliography: p. 117-122.
650 #0 - SUBJECT ADDED ENTRY--TOPICAL TERM
Topical term or geographic name entry element Education
Geographic subdivision India.
650 #0 - SUBJECT ADDED ENTRY--TOPICAL TERM
Topical term or geographic name entry element Nationalism
Geographic subdivision India.

No items available.

Powered by Koha